LEADER 00817nam0-22002891i-450- 001 990004256170403321 005 19990530 035 $a000425617 035 $aFED01000425617 035 $a(Aleph)000425617FED01 035 $a000425617 100 $a19990530d1960----km-y0itay50------ba 101 0 $agrc???????? controllare 105 $ay-------001yy 200 1 $a<>Persae$aof Aeschylus$ged. by H.D. Brodhead 210 $aCambridge$cUniversity Press$d1960 215 $aLXXIII, 350 p. 700 1$aAeschylus$f$0153340 702 1$aBrodhead,$bH.D. 801 0$aIT$bUNINA$gRICA$2UNIMARC 901 $aBK 912 $a990004256170403321 952 $aC. G. AESCHY PER$b1314$fFLFBC 959 $aFLFBC 996 $aOf Aeschylus$9480655 996 $aTragoediae$918700 997 $aUNINA LEADER 01157nam--2200409---450- 001 990002675340203316 005 20070223110143.0 010 $a88-7600-113-1 035 $a000267534 035 $aUSA01000267534 035 $a(ALEPH)000267534USA01 035 $a000267534 100 $a20051020h2005----km-y0itaa50------ba 101 1 $aita 102 $aIT 105 $ay|||z|||001yy 200 1 $aBergson$fLeszek Kolakowski$ga cura di Leo Lestingi 210 $aBari$cPalomar$dcopyr. 2005 215 $a164 p.$d21 cm 225 2 $aPalomar dia-loghi$v8 410 0$12001$aPalomar dia-loghi$v8 454 1 $12001$aBergson$920796 461 1$1001------$12001 600 1$aBergson,$bHenri 676 $a194 700 1$aKOLAKOWSKI,$bLeszek$0451230 702 1$aLESTINGI,$bLeo 801 0$aIT$bsalbc$gISBD 912 $a990002675340203316 951 $aII.1.D. 4309(IV C 3925)$b182759 L.M.$cIV C$d00117810 959 $aBK 969 $aUMA 979 $aPECORARO$b90$c20051020$lUSA01$h1417 979 $aPECORARO$b90$c20051020$lUSA01$h1418 979 $aCOPAT6$b90$c20070223$lUSA01$h1101 996 $aBergson$920796 997 $aUNISA LEADER 01595nam 2200409 450 001 9910705380003321 005 20140428092730.0 035 $a(CKB)5470000002449574 035 $a(OCoLC)878392720 035 $a(EXLCZ)995470000002449574 100 $a20140428d1934 ua 0 101 0 $aeng 135 $aurbn||||||||| 181 $ctxt$2rdacontent 182 $cc$2rdamedia 183 $acr$2rdacarrier 200 10$aAmendment to code of fair competition for the fabricated metal products manufacturing and metal finishing and metal coating industry as approved on June 1, 1934 210 1$aWashington :$cUnited States Government Printing Office,$d1934. 215 $a1 online resource (4 pages) 300 $aTitle from title screen (viewed Apr. 28, 2014). 300 $aAt head of title: National Recovery Administration. 300 $a"Registry no. 1118-06." 300 $a"Approved code no. 84--Amendment no. 1." 300 $aPublication pre-dates item numbers. No item number has been assigned. 517 3 $aFabricated metal products manufacturing and metal finishing and metal coating industry 606 $aMetal coating 606 $aMetals$xFinishing 606 $aMetal-work 615 0$aMetal coating. 615 0$aMetals$xFinishing. 615 0$aMetal-work. 801 0$bGPO 801 1$bGPO 906 $aBOOK 912 $a9910705380003321 996 $aAmendment to code of fair competition for the fabricated metal products manufacturing and metal finishing and metal coating industry as approved on June 1, 1934$93346254 997 $aUNINA LEADER 01028nam0 22002531i 450 001 UON00022694 005 20231205102025.846 100 $a20020107d1963 |0itac50 ba 101 $aeng 102 $aGB 105 $a|||| 1|||| 200 1 $aˆThe ‰Boxer Uprising$eA Background Study$fVictor Purcell 210 $aCambridge$cAt the University Press$d1963 xiv$d349 p. 606 $aCINA$xSTORIA$xRIVOLTA BOXER$xDOCUMENTI$3UONC003744$2FI 620 $dCambridge$3UONL000022 686 $aCIN IV B$cCina - Storia moderna e contemporanea - Comunità cinesi nel mondo$2A 700 1$aPURCELL$bVictor$3UONV007273$0173735 712 $aCambridge University Press$3UONV245943$4650 801 $aIT$bSOL$c20250620$gRICA 899 $aSIBA - SISTEMA BIBLIOTECARIO DI ATENEO$2UONSI 912 $aUON00022694 950 $aSIBA - SISTEMA BIBLIOTECARIO DI ATENEO$dSI CIN IV B 346 $eSI MR 76180 5 346 996 $aBoxer Uprising$91199220 997 $aUNIOR